000 00704nam a2200253Ia 4500
003 OSt
005 20221005081233.0
006 a|||||r|||| 00| 0
007 ta
008 221004b |||||||| |||| 00| 0 eng d
020 _a8178510499 (hbk)
024 _a117818
037 _cTextual
040 _aCRL
_cCRL
_beng
041 _2eng
_aeng
082 _aO111944(Y15):g, P9
100 _aUniyal Ranu
_9607005
245 0 _aWomen in indian writing
_b From difference to diversity
260 _aNew Delhi
_bPrestige India
_c2009
300 _a128p.
_ccm.
650 _aENGLISH LITERATURE
942 _hO111944(Y15):g, P9
_cTEXL
_2cc
999 _c987389
_d987389